000 005520000a22001810004500
003 MACL
005 20160401122529.0
008 160401b xxu||||| |||| 00| 0 eng d
040 _aMACL
_cMACL
041 _aHindi
082 _a350
100 _aत्‍यागी अनुपम
_949484
245 _aविजय अभियान : कारगिल
260 _bआकाशदीप पब्लिकेशंस
_c1999
_aनई दिल्‍ली
350 _a100
650 _aMilitry Science
_949547
942 _cHIN
_k355
_2ddc
999 _c11518
_d11518